Phong cách học tiếng Việt hiện đại
Lịch sử nghiên cứu và những khái niệm cơ bản của phong cách học; Đối tượng, nhiệm vụ và các phương pháp nghiên cứu của phong cách học; Cơ sở phân chia các phong cách chức năng và hoạt động của các phong cách trong tiếng Việt; Giá trị phong cách của một số đơn vị ngôn ngữ và biện pháp tu từ ngữ nghĩa...
में बचाया:
| मुख्य लेखक: | |
|---|---|
| स्वरूप: | पुस्तक |
| भाषा: | Vietnamese |
| प्रकाशित: |
H.
Giáo dục Việt Nam
2016
|
| संस्करण: | Tái bản lần thứ nhất |
| विषय: | |
| टैग : |
टैग जोड़ें
कोई टैग नहीं, इस रिकॉर्ड को टैग करने वाले पहले व्यक्ति बनें!
|
| Thư viện lưu trữ: | Mạng thư viện Đại học Đà Nẵng |
|---|
| LEADER | 01473nam a2200325 4500 | ||
|---|---|---|---|
| 001 | 000025358 | ||
| 003 | 21851 | ||
| 005 | 20171004161014.0 | ||
| 008 | 171004s2016 viesd | ||
| 020 | |a 978-604-0-03957-6 |c 70000 | ||
| 041 | 0 | |a vie | |
| 082 | 1 | 4 | |a 495.922 |b HƯ-Đ |
| 100 | 1 | |a Hữu Đạt | |
| 245 | 1 | 0 | |a Phong cách học tiếng Việt hiện đại |c Hữu Đạt |
| 250 | |a Tái bản lần thứ nhất | ||
| 260 | |a H. |b Giáo dục Việt Nam |c 2016 | ||
| 300 | |a 440 tr. |c 21 cm. | ||
| 520 | 3 | |a Lịch sử nghiên cứu và những khái niệm cơ bản của phong cách học; Đối tượng, nhiệm vụ và các phương pháp nghiên cứu của phong cách học; Cơ sở phân chia các phong cách chức năng và hoạt động của các phong cách trong tiếng Việt; Giá trị phong cách của một số đơn vị ngôn ngữ và biện pháp tu từ ngữ nghĩa trong tiếng Việt. | |
| 650 | 0 | 4 | |a Tiếng Việt |x Phong cách học |
| 653 | |a Tiếng Việt | ||
| OWN | |a LSP | ||
| AVA | |a UDN50 |b LSP |d 495.922 HƯ-Đ |e available |t Error 5001 Not defined in file expand_doc_bib_avail. |f 3 |g 0 |h N |i 1 |k 1 | ||
| 999 | |a From the UDN01 | ||
| AVA | |a UDN50 |b LSP |d 495.922 HƯ-Đ |e available |t Error 5001 Not defined in file expand_doc_bib_avail. |f 3 |g 0 |h N |i 1 |k 1 | ||
| TYP | |a Monograph | ||
| TYP | |a Printed language | ||
| 980 | |a Mạng thư viện Đại học Đà Nẵng | ||


